000 01131nam a2200253Ia 4500
999 _c53791
_d53791
001 20841
003 GE_BSU
005 20221219140818.0
008 181216s2013||||ge |||||||||||||| ||geo||
020 _a9789941919947
040 _cGE_BSU
041 _ageo
080 _a159.922.4+316 ლ-34
100 _aლე ბონი, გუსტავ
_916486
245 _aერებისა და ბრბოს ფსიქოლოგია /
_cგუსტავ ლე ბონი; თარგმანი გრიგოლ ქაჯაიასი.
264 _aთბილისი :
_bმთაწმინდელი : დავით ეფრემიძე,
_c2013.
300 _a300 გვ;
_b21 სმ.
653 _aნაციონალური ფსიქოლოგია.
653 _aბრბოს ფსიქოლოგია.
653 _aფსიქოლოგია
700 _aქაჯაია, გრიგოლ
_eმთარგმნელი.
_95385
700 _aეფრემიძე, დავით
_eგამომცემელი
_916487
942 _cBK
_2udc